000 00347nam a2200109Ia 4500
008 171211s9999 xx 000 0 und d
245 _aKey Business Analytics: The 60+ tools every manager needs to turn data into insights
245 _cBernard Marr
260 _c2016
650 _xECONOMICS
856 _uhttp://down.ebook777.com/061/1292017430.pdf
999 _c349626
_d349626